MARC

LEADER 00000nam0a2200000 4500
001 156958
005 20231101221932.0
035 |a (RuTPU)RU\TPU\book\170217 
090 |a 156958 
100 |a 20090401d1968 m y0rusy50 ca 
101 0 |a rus 
102 |a RU 
105 |a a z 001zy 
200 1 |a Направляющие и опоры подвижных элементов приборов  |f А. М. Копейкин  |g Ярославский технологический институт 
210 |a Ярославль  |c Верхне-Волжское книжное изд-во  |d 1968 
215 |a 113 с.  |c черт. 
320 |a Библиогр.: с. 113. 
610 1 |a опоры 
610 1 |a подвижные системы 
610 1 |a приборы 
610 1 |a детали 
610 1 |a классификация 
610 1 |a расчет 
610 1 |a установка 
675 |a 681.26  |v 3 
700 1 |a Копейкин  |b А. М. 
712 0 2 |a Ярославский технологический институт  |2 stltpush  |3 (RuTPU)RU\TPU\col\7601  |9 24348 
801 1 |a RU  |b 63413507  |c 20090401  |g PSBO 
801 2 |a RU  |b 63413507  |c 20091029  |g RCR 
942 |c BK